000 01145cam a2200241 4500
001 J126945
008 040727n2003 000 0 eng u
035 _a(Sirsi) u126945
041 _aeng.
050 _a621.312429
_c21
110 _aBritish Council for Offices
_93992
245 _aFuel cells for offices?
_cA BCO guide to new technology
260 _aLondon
_bBCO
_c2003
300 _a76p.
_c30cm.
350 _a53
520 _aA fuel cell uses hydrogen as a fuel to generate DC electricity , water and heat. It is an efficient and environmentally friendly means of converting fuel into high quality power. The aim of this document is to provide a straightforward guide to the use and application of fuel cells in a commercial property setting. The guide demonstrates the current advancement and application of fuel cells as it stands in late 2002, and attempts to predict potential future developments for the next 5-10 years.
650 _aOFFICES
650 _aPOWER GENERATION
650 _aSUSTAINABLE ENERGY
690 _aBUILDING AND CONSTRUCTION-ENERGY MANAGEMENT
710 _aRoberts and Partners
_94286
942 _n0
999 _c103688
_d103688